| 000 | 00578nam a2200193Ia 4500 | ||
|---|---|---|---|
| 003 | GCL | ||
| 008 | 140319s9999 xx 000 0 ara d | ||
| 040 |
_aGCL / _cGCL |
||
| 082 | 0 | 4 |
_a615.3 _bع ا |
| 100 | 1 | _aعبدالعزيز شرف | |
| 245 | 1 | 0 |
_aالانتاج الحيوانى فى مجال الدواء او ادويتنا من الحيوان / _cعبدالعزيز شرف |
| 260 |
_a[S.N] : _bلا يوجد |
||
| 300 | _a349 ص | ||
| 490 | _a | ||
| 650 | 0 | 4 | _aالصيدلة |
| 650 | 0 | 4 | _aالنباتات الطبية |
| 650 | 0 | 4 | _aالدواء |
| 942 |
_2ddc _cBK |
||
| 999 |
_c55572 _d55572 |
||